000 00899nam a2200253Ia 4500
003 OSt
005 20221005110532.0
006 a|||||r|||| 00| 0
007 ta
008 221004b |||||||| |||| 00| 0 hin d
020 _a8177143069 (hbk)
_c300
024 _a101838
037 _b422, 25/03/2010, Swaraj Prakashan
_cTextual
040 _aCRL
_cCRL
_bhin
041 _2hin
_ahin
082 _aV2z7, 152P8
100 _aकाबरा, कमल नयन
245 0 _aबदलता भारत
_b दावे और हकीकत
246 _aBadalatā bhārata: dāve aur hakīkata
260 _aनई दिल्ली
_bप्रकाशन संस्थान भारत
_c2008
300 _a232पृ0
_ccm.
942 _hV2z7, 152P8
_cTEXL
_2cc
999 _c1019120
_d1019120